000 00694nam a2200229Ia 4500
005 20260429112017.0
008 260429s9999||||xx |||||||||||||| ||und||
020 _a9781032614960
041 _aEnglish
082 _a418
_bPYM
100 _aPym, Anthony
245 0 _aHow to augment language skills :
_bgenerative AI and machine translation in language learning and translator training /
_cAnthony Pym
250 _a1st ed.
260 _aNew Delhi :
_bRoutledge,
_c2025.
300 _axxiv, 193 p.; hb
650 _a Artificial intelligence
650 _a Machine translation
650 _a Translator training
650 _aLanguage learning
700 _a Hao, Yu
942 _cTB
999 _c51871
_d51871